| 000 | 00793cab a22002175a 4500 | ||
|---|---|---|---|
| 001 | L158911 | ||
| 008 | 150923e20150822xxk 000 0 eng d | ||
| 035 | _a(Sirsi) u158911 | ||
| 041 | 0 | _aeng | |
| 100 | 1 | _aStokes, M. | |
| 245 | 0 | 0 | _aDealing with the incomplete register |
| 260 | _c2015 | ||
| 490 |
_aEstates Gazette _v(1534) 29 August 2015, 54-55(2) |
||
| 520 | _aAdvice on discovering the third party rights not included on the land register. Includes information on overriding interests, short leases, actual occupation and duty to disclose. Speculates on the future of the register and whether it will ever be complete. | ||
| 590 | _aKA | ||
| 651 | 4 | _aUnited Kingdom | |
| 690 |
_aPlanning and development _96259 |
||
| 690 |
_aLand use _96251 |
||
| 700 | 1 | _aPatel, P. | |
| 942 | _n0 | ||
| 999 |
_c84729 _d84729 |
||